| 000 | 00490nam a2200145Ia 4500 | ||
|---|---|---|---|
| 999 |
_c20548 _d20548 |
||
| 082 | _aTT.0094 | ||
| 100 | _aThomas, Joesph,A. | ||
| 245 | 0 | _aSome economic aspects of higher education in Kerala with special reference to education employment and income linkages | |
| 260 |
_c1988 _bUniversity of Kerala |
||
| 300 | _a284p. | ||
| 650 | _aEDUCATION, HIGHER - ECONOMIC ASPECTS - KERALA | ||
| 650 | _aEMPLOYMENT AND UNEMPLOYMENT - KERALA | ||
| 710 | _aNair, P.R. Gopinathan | ||
| 942 |
_cTH _2ddc |
||